| 000 | 00341nam a22001337a 4500 | ||
|---|---|---|---|
| 005 | 20250901165815.0 | ||
| 008 | 250328b |||||||| |||| 00| 0 eng d | ||
| 020 | _a996644601x | ||
| 050 | _aPR 9389.9 .M84 2008 | ||
| 245 |
_aWait for me, Angela _cStephen Mugambi |
||
| 260 |
_aNairobi: _bKLB, _c2008. |
||
| 300 |
_a156 p.: _c18 cm. |
||
| 942 | _2lcc | ||
| 999 |
_c9482 _d9482 |
||